| 000 | 00520nam a22001937a 4500 | ||
|---|---|---|---|
| 003 | RIC | ||
| 005 | 20140408031131.0 | ||
| 008 | 140408b xxu||||| |||| 00| 0 eng d | ||
| 020 | _a9789670448268 | ||
| 040 | _cJKKN | ||
| 082 |
_a899.2333 _bACI |
||
| 100 |
_aAcik Lana, _d1982- |
||
| 245 | 1 | 0 |
_aPelangi cinta buat suami / _cAcik Lana |
| 260 |
_aKuala Lumpur : _bPenerbitan Kaki Novel, _c2013 |
||
| 300 |
_aiii, 823ms. ; _c19cm. |
||
| 650 | 1 | 0 | _aMalay fiction |
| 650 | 2 | 0 |
_aMalaysian fiction (Malay) _93501 |
| 942 |
_2ddc _cBK |
||
| 999 |
_c1744 _d1740 |
||